000 00490cam a22002051 4500
001 sa 67006293
003 DLC
005 20260227112405.0
008 890602s1967 ii a 000 0 hino
010 _asa 67006293
035 _a(OCoLC)19806154
040 _aDLC
_cWaU
_dDLC
042 _apremarc
050 0 0 _aPK2098.M4638
_bB4
100 1 _aMisra, Atmanand,
_d1913-
245 1 0 _aBe bāta kī bāta.
260 _c[1967]
300 _a164 p.
_billus.
_c22 cm.
500 _aIn Hindi.
999 _c75835
_d75835